000 00474nam a2200181Ia 4500
008 090124s9999 xx 000 0 und d
082 _b121900
100 _aदिघे प्रभाकर
245 _a अभिमान
250 _a1
260 _c1987
300 _a206
600 _aदिघे प्रभाकर
630 _a अभिमान
700 _aदिघे प्रभाकर
730 _a अभिमान
942 _cBOOK
999 _c167986
_d167986